000 00439cam a2200169ua 4500
020 _c860.00
041 _aeng
_h
082 _a631.47
_bSOM/MI
100 _aSomani, L L .
245 _aMicronutrients for soil and plant health /
_cL L Somani.
_hTextual Documents
260 _aUdaypur :
_bAgro-tech publishing academy ,
_c2008.
300 _a288 ; .
365 _a860.00
504 _a
942 _cBK
999 _c13322
_d13322